Online Catalogue and eLibrary

Rusell on ethics : (Record no. 761)

MARC details
000 -LEADER
fixed length control field 00476nam a2200181Ia 4500
005 - DATE AND TIME OF LATEST TRANSACTION
control field 20240709011229.0
008 - FIXED-LENGTH DATA ELEMENTS--GENERAL INFORMATION
fixed length control field 240331s9999 xx 000 0 und d
020 ## - INTERNATIONAL STANDARD BOOK NUMBER
ISBN 0415156602
082 ## - DDC Classification
Class No. 170
Item Number - Author Mark RUS
245 #0 - TITLE STATEMENT
Title Rusell on ethics :
Remainder of title selections from the writings of Bertrand Russell
260 ## - PUBLICATION, DISTRIBUTION, ETC.
Place of publication, distribution, etc. London
Name of publisher, distributor, etc. Routledge
Date of publication, distribution, etc. 1999
300 ## - PHYSICAL DESCRIPTION
Extent (e.g. Volumes, Pages etc.) xiv, 257 p .,
650 ## - SUBJECT ADDED ENTRY--TOPICAL TERM
Topical term or geographic name entry element Philosophy
650 ## - SUBJECT ADDED ENTRY--TOPICAL TERM
Topical term or geographic name entry element Political
650 ## - SUBJECT ADDED ENTRY--TOPICAL TERM
Topical term or geographic name entry element Religion
700 ## - ADDED ENTRY--PERSONAL NAME
Personal name Pigden, R. Charlse
Relator term (Role) Editor
942 ## - Koha item type (Biblio)
Koha item type Books in Stacks (Lending)
Holdings
Lost status Damaged status Collection code Home library Current library Shelving location Date acquired Full call number Accession Number Item type
    Lending WERC Library WERC Library Social Science Cupboard 03/31/2024 170 RUS 2961 Books in Stacks (Lending)

© WERC Library